000
00199nam a2200085 4500
001
1239823
005
20251008110154.0
245
_a
HZ. AİŞE
_c
HİLAL ÇELİKKOL KARA
260
_b
NESİL ÇOCUK YAYINLARI
999
_c
1239823
_d
1239823